| 000 | 00763cam a2200229 a 4500 | ||
|---|---|---|---|
| 020 | _a9789996359002 | ||
| 040 | _cCOO | ||
| 082 | _a174 CDR 2011 C166 Or. | ||
| 100 | 1 | _aChem, Phalla. | |
| 245 | 1 | 0 | _aUse of hydrological knowledge and community participation for improving decision-making on irrigation water allocation / |
| 260 |
_aPhnom Penh, Cambodia : _bCDRI, _cc2011. |
||
| 300 |
_axi, 49 p. : _bill., col. maps ; _c28 cm. |
||
| 490 | 0 | _aCDRI working paper series ; | |
| 500 | _a"March 2011." | ||
| 650 | 0 | _aIrrigation | |
| 650 | 0 | _aIrrigation | |
| 650 | 0 | _aWater-supply | |
| 650 | 0 | _aHydrology | |
| 700 | 1 | _aSometh, Paradis. | |
| 710 | 2 | _aVidyāsthān Paṇṭuḥ Paṇṭāl niṅ Srāvjrāv ṭoempī Qabhivaḍḍhn ̊Kambujā. | |
| 942 | _cEK | ||
| 999 |
_c19234 _d19234 |
||